| 000 | 00981nam a22002777a 4500 | ||
|---|---|---|---|
| 001 | 9410 | ||
| 003 | FISKH | ||
| 005 | 20260106090054.0 | ||
| 008 | 260106b cb ||||| |||| 00| 0 eng d | ||
| 020 | _a9781742818863 | ||
| 040 |
_aFISKH _beng _cFISKH _dFISKH |
||
| 050 | _aPZ7 | ||
| 082 | _a813 | ||
| 100 |
_aAnonymous _eAuthor |
||
| 245 | _aToby little hedgehog's big day / | ||
| 260 |
_aHeatherton Victoria : _bHinkler Books Pty Ltd , _c2017 |
||
| 300 |
_a8 unnumbered pages : _bcolor illustrations ; _c16 cm |
||
| 505 | _aE | ||
| 520 | _aLittle ones will love this sweet story featuring darling characters who view the world all around them with wonder. Perfect for rock-a-bye story time or tuck-me-in time, this book will remind you just how amazing young minds are. | ||
| 521 | 8 |
_a200
_bLexile estimate |
|
| 521 | 8 |
_aE
_bRaz-Plus |
|
| 650 |
_aSweet story _vCharacter |
||
| 650 |
_aRock-a-bye storytime _vTuck-me-in time |
||
| 942 |
_2ddc _cBK _n0 |
||
| 999 |
_c9410 _d9410 |
||